Name the second half: U.S. States - Statistics

General Stats
  • This quiz has been taken 130 times
  • The average score is 10 of 10
Answer Stats
First Half Second Half % Correct
Arka nsas
100%
Kent ucky
99%
Ut ah
98%
Ore gon
98%
Washi ngton
98%
Calif ornia
98%
North D akota
97%
Okla homa
97%
Mich igan
97%
Pennsy lvania
97%
No matching quizzes found
Score Distribution
Percent of People with Each Score
Percentile by Number Answered
Your Score History
You have not taken this quiz